Patentamiento de embriones. Breve reseña sobre el uso y apropiación de la vida humana (Registro nro. 25296)

Detalles MARC
000 -LEADER
fixed length control field 00421 a2200121 4500
001 - CONTROL NUMBER
control field ART_10766
005 - DATE AND TIME OF LATEST TRANSACTION
control field 20260410161854.0
008 - FIXED-LENGTH DATA ELEMENTS--GENERAL INFORMATION
fixed length control field 260409a
100 1# - MAIN ENTRY--PERSONAL NAME
Personal name Iglesias Darriba, Claudio
245 10 - TITLE STATEMENT
Title Patentamiento de embriones. Breve reseña sobre el uso y apropiación de la vida humana
700 1# - ADDED ENTRY--PERSONAL NAME
Personal name Rivera, Arturo G.
773 0# - HOST ITEM ENTRY
Title Derecho privado
Related parts Bioderecho - Año I, Nº 1 (mayo 2012)
Record control number REV10455

No hay ítems disponibles.